000 00505nam a2200193Ia 4500
003 GCL
008 140319s9999 xx 000 0 eng d
040 _aGCL /
_cGCL
082 0 4 _a790.13
_bc h
100 1 _aCRAVEN, JOHN
245 1 0 _aHOW ABOUT STAMP COLLECTING /
_cCRAVEN, JOHN
700 1 _aWEST, RICHARA
260 _a[S.N] :
_bEP PUBLISHING LIMITED ،
_c1981
300 _a88 PP
650 0 4 _aSTAMP ALBUMS
650 0 4 _aPOSTAGE STAMPS
650 0 4 _aCOLLECTORS AND COLLECTING
942 _2ddc
_cBK
999 _c18129
_d18129